50 Biggest Cities in Australia - Map Quiz - Statistics

General Stats
  • This quiz has been taken 14 times
  • The average score is 20 of 50
Answers on the Map
Answers color-coded by a green-red scale on the quiz's map according to % correct below.
 
Answer Stats
Answer % Correct
Alice Springs
75%
Cairns
75%
Geraldton
75%
Hobart
75%
Townsville
75%
Adelaide
67%
Darwin
67%
Launceston
67%
Kalgoorlie
58%
Perth
58%
Mackay
50%
Mildura
50%
Sydney
50%
Victor Harbor
50%
Albany
42%
Brisbane
42%
Canberra
42%
Melbourne
42%
Mount Gambier
42%
Rockhampton
42%
Warnambool
42%
Bathurst
33%
Bendigo
33%
Bunbury
33%
Devonport
33%
Geelong
33%
Gold Coast
33%
Morwell-Traralgon
33%
Newcastle
33%
Shepparton
33%
Toowoomba
33%
Wagga Wagga
33%
Warragul-Drouin
33%
Wollongong
33%
Albury-Wodonga
25%
Ballarat
25%
Bundaberg
25%
Busselton
25%
Central Coast
25%
Coffs Harbour
25%
Dubbo
25%
Gladstone
25%
Sunshine Coast
25%
Tamworth
25%
Ballina
17%
Bowral-Mittagong
17%
Hervey Bay
17%
Orange
17%
Port Macquerie
17%
Nowra-Bomaderry
8%
No matching quizzes found
Score Distribution
Percent of People with Each Score
Percentile by Number Answered
Your Score History
You have not taken this quiz